Folklórny súbor Liptov

Bibliographic Details
Main Author: Ondrejka, Kliment, 1929-2011 (Author)
Format: Book
Language:Slovak
PhysicalDescription:92 s. fotogr., noty 21 cm
Published: Ružomberok Závodný klub ROH Bavlnárskych závodov V. I. Lenina 1986
Edition:[1.] vyd.
Subjects:

MARC

LEADER 00000cam a2200000 a 4500
001 vtls009511569
003 SK-MaSNL
005 20260302010121.0
008 240315s1986 xo oa f 000 0 slo
020 |q (brož.) 
035 |a 8026542F-44E8-4032-8DB3-38502E1E9404 
035 |a urn:nbn:sk:snk-amk8gr 
035 |a urn:nbn:sk:snk-am003u7p 
040 |a SNK  |b slo  |c SNK  |e AACR2 
041 0 |a slo 
044 |a xo  |c SK 
072 7 |a 39  |x Etnológia. Etnografia. Folklór  |2 konspekt 
072 7 |a 7.01/.09  |x Umenie  |2 konspekt 
080 |a 398  |2 2001 
080 |a 7.071:398  |2 2001 
080 |a (437.6)  |2 2001 
080 |a (082.2)  |2 2001 
100 1 |a Ondrejka, Kliment,  |d 1929-2011  |4 aut  |9 89844 
245 1 0 |a Folklórny súbor Liptov  |c [pripravil] Kliment Ondrejka 
250 |a [1.] vyd. 
260 |a Ružomberok  |b Závodný klub ROH Bavlnárskych závodov V. I. Lenina  |c 1986 
300 |a 92 s.  |b fotogr., noty  |c 21 cm 
610 2 7 |a Liptov (folklórny súbor : Ružomberok, Slovensko)  |2 SNKKA  |9 36224 
648 7 |a 1946-1986  |2 SNKPH  |9 444296 
650 0 7 |a folkloristika  |2 SNKPH  |9 59288 
650 0 7 |a folklórne súbory  |2 SNKPH  |9 28685 
655 7 |a jubilejné publikácie  |2 SNKPH  |9 70339 
954 |a odborná, vedecká literatúra pôvodná (slovenská)  |2 lita 
958 |a OND 
999 |c 1002001  |d 1003931 
952 |a SNK  |b SNK  |y PREZ  |7 0  |p 17A1060894  |o snkSC 134773  |i snk2013/3232  |8 1  |0 0  |1 0  |4 0  |d 2013-02-11  |f 1  |l 0  |r 2025-07-01 00:00:00  |w 2026-02-24